000 00651nam a2200205 i 4500
001 36902
003 ES-MaACL
005 20230906155450.0
007 t|
008 030219s1977 sp ||||1| spa d
100 1 _aBrun, Jean.
_932140
245 1 0 _aHeráclito o el filósofo del eterno retorno /
_cJean Brun ; [traducción de Ana Mª Aznar Menéndez].
260 _a[Madrid :
_bEDAF,
_c1977]
300 _a243 p. ;
_c19 cm.
490 1 _aFilósofos de todos los tiempos
700 1 _aAznar Menéndez, Ana María.
_924312
830 0 _aFilósofos de todos los tiempos
_9181056
852 _aES-MaACL
_jA-6614
_bR.95567
999 _c36902
_d36902